The Top-30 All Time European Cup Ranking - Statistics

General Stats
  • This quiz has been taken 41 times
  • The average score is 21 of 30
Answer Stats
Country Answer % Correct
Germany Bayern Munich
100%
Spain Real Madrid
100%
Italy Juventus
95%
England Manchester United
95%
Portugal Benfica
92%
England Liverpool
92%
Italy AC Milan
90%
Netherlands Ajax
90%
England Arsenal
90%
Portugal Porto
87%
Scotland Celtic
85%
Spain FC Barcelona
82%
Scotland Glasgow Rangers
82%
England Chelsea
79%
Spain Atlético Madrid
74%
Ukraine Dynamo Kiev
72%
Italy Inter Milan
72%
Netherlands PSV
72%
Belgium Anderlecht
67%
Turkey Galatasaray
67%
Germany Dortmund
59%
France Paris Saint-Germain
56%
Spain Valencia
54%
France Lyon
51%
Serbia Red Star Belgrade
46%
Romania FCSB (Steaua Bucharest)
44%
Greece Panathinaikos
41%
Czechia Sparta Prague
41%
Norway Rosenborg
36%
Greece Olympiacos
33%
No matching quizzes found
Score Distribution
Percent of People with Each Score
Percentile by Number Answered
Your Score History
You have not taken this quiz